Speed Religion Quiz Stats

 Plays Quiz Updated Nov 7, 2018

Support Sporcle.
Go Orange.
Score 0/50 Timer 04:00
19 Plays Today
Question Answer % Correct
????
100%
????
98.6%
????
97.6%
????
97.3%
????
95.9%
????
94.7%
????
94.2%
????
93.8%
????
85.4%
????
84.2%
????
82.6%
????
81.1%
????
80%
????
79.8%
????
74.2%
????
72.5%
????
69%
????
68%
????
67.3%
????
66.5%
????
65.4%
????
63.8%
????
62.5%
????
61.7%
????
60.8%
Question Answer % Correct
????
59.7%
????
58.1%
????
53.5%
????
51.4%
????
50.1%
????
48.6%
????
44.3%
????
41.2%
????
40.1%
????
38.5%
????
34.9%
????
33.8%
????
32.1%
????
31.1%
????
28.6%
????
26.1%
????
25.3%
????
24%
????
17.8%
????
16.3%
????
15.4%
????
9.7%
????
8.1%
????
7.5%
????
6.9%

From the Vault

Psychology Match-Up

by MTwhiz

Science 4m
Do some critical thinking about critical thinking.
Remove Ads.
Support Sporcle.
Get the best of Sporcle when you Go Orange. This ad-free experience offers more features, more stats, and more fun while also helping to support Sporcle. Thank you for becoming a member.

Show Comments

Extras

Top Quizzes Today


Score Distribution

Your Account Isn't Verified!

In order to create a playlist on Sporcle, you need to verify the email address you used during registration. Go to your Sporcle Settings to finish the process.

Report this User

Report this user for behavior that violates our Community Guidelines.

Details: